02341nam a22002777a 45000010005000000030006000050050017000110080041000280200018000690400029000870500008001160820008001241000022001322450262001542600136004163000055005524900080006075050008006875200680006955200444013755210029018195210020018486500112018686500051019807000032020318770FISKH20251020084412.0251020b cb ||||| |||| 00| 0 eng d a9789995001797 aFISKHbkhrcFISKHdFISKH aPZ7 a895 aSak Rolet, Chhim  aកូនគីង្គក់និងផ្លែស្វាយទុំ /cអ្នកនិពន្ធ អ្នកស្រី ឈឹម សក្តិរ៉ូឡែត , អ្នកវាយអត្ថបទ លោក ខែម ម៉ារី  aភ្នំពេញ :bគ្រឺះស្ថានបោះពុម្ពនិងចែកផ្សាយ , c២០១៣ . a8 pages : bcolor illustrations ; c17 * 18 cm .  aរឿងនិទានអប់រំសម្រាប់កុមារ aL  aមានសត្វគីង្គក់ពីរនាក់ម៉ែកូនរស់នៅក្បែរបឹង​មួយ ។​ ថ្ងៃមួយកូនឃើញស្វាយទុំក៏រំអុកម្តាយ ចង់សុី ម្តាយមិនអាចឡើងបេះបានក៏ប្រាប់កូនអោយរង់ចាំអោយស្វាយទុំជ្រុះសិន តែកូនមិនព្រម ។ ម្តាយក៏ប្រឹងតោងវល្ល៏តែដោយអស់កម្លាំងពេកក៏របូតដៃធ្លាក់មកដីស្លាប់ទៅ ។  aThere were two frogs, a mother and her child, living near a pond.​ One day, the young frog saw a ripe mango and excitedly told her mother that she wanted to eat it. The mother couldn't climb up to pick the mango, so she told her child to wait until the mango naturally fell. But the child refused to wait. The mother then tried to climb up by using vines, but she became too exhausted, lost her grip, and fell to the ground — and died.8 a530 bLexile estimate 8 aL bRaz-Plus  aកូនគីង្គក់និង ស្វាយទុំ vរឿងនិទានកុមារ  aBaby toad and ripe mango vChildren's Stories  aVan Ten , HouyeIllustrator